| 000 | 00341nam a22001217a 4500 | ||
|---|---|---|---|
| 082 | _a220 PRO | ||
| 100 |
_aRAHEEL ,ANAS,AHMED ZIA, _972347 |
||
| 245 | _aPR-SOF-1038-DESIGN OF MORPHING WING MICRO AIR | ||
| 260 |
_aISLAMABAD _bNUST COLLEGE OF EME _c2010 |
||
| 650 | _aDE-MECH-28 | ||
| 700 |
_aSUPERVISOR , DR AFZAAL MALIK _972348 |
||
| 942 | _cCR | ||
| 999 |
_c578416 _d578416 |
||